000 03664nab a2200253 i 4500
003 BR-BrBNA
005 20250813082619.0
008 250813b2020 bl.ar|pooa||| 00| 0 por |
040 _aBR-BrBNA
_bpor
072 _aF70
100 _aNichio-Amaral, Renara
100 _aCampos-Rocha, Antonio
100 _aAlves-Araújo, Anderson
245 _aFlora do Espírito Santo: Amaryllidaceae
500 _aPublicação on-line; 33 ref.; 11 illus.; Summaries (En, Pt)
520 _a Resumo O presente trabalho é parte integrante do projeto Flora do Espírito Santo e teve como objetivo caracterizar morfologicamente as espécies de Amaryllidaceae ocorrentes no estado, bem como fornecer dados sobre sua distribuição geográfica e comentários sobre a biologia e ambiente das espécies. Para isto, expedições de coleta foram realizadas no período de outubro/2016 a dezembro/2017 buscando inventariar as espécies da família ocorrentes no estado. Três gêneros e 17 espécies foram registradas no Espírito Santo. Hippeastrum é o gênero com maior riqueza de espécies (8 spp.), seguido de Griffinia (7 spp.) e Crinum (2 spp.). Griffinia colatinensis possui status de conservação definido como “Criticamente em Perigo” (CR), enquanto G. espiritensis, G. liboniana, H. brasilianum, H. reginae e H. striatum como “Em Perigo” (EN). Caracteres como escapo floral (sólido ou fistuloso), número e grau de fusão das brácteas da inflorescência, comprimento do tubo do hipanto, padrão de coloração, corona (presença/ausência e tipos), tipo de ambiente e bulbo subterrâneo ou exposto, foram considerados importantes para distinção taxonômica do grupo analisado. Neste estudo são fornecidas descrições taxonômicas, chaves de identificação para os gêneros e as espécies, mapas de distribuição, ilustrações e pranchas fotográficas. Palavras-chave: Amaryllidoideae, Brasil, Mata Atlântica, taxonomia. Abstract The present work is part of the project of the Flora of Espírito Santo and aimed to characterize morphologically the species of Amaryllidaceae from thatstate as well as to provide data on their geographical distribution and comments on the biology and habitat of the species. To do so, field trips were carried out from October/2016 to December/2017. Three genera and 17 species of Amaryllidaceae were recorded in Espírito Santo state. Hippeastrum is the richest genus (8 spp.) followed by Griffinia (7 spp.) and Crinum (2 spp.). Griffinia colatinensis has conservation status defined as “Critically Endangered” (CR), while G. espiritensis, G. liboniana, H. brasilianum, H. reginae and H. striatum as “Endangered” (EN). Features such as floral scape (solid or fistulous), number and degree of fusion of the inflorescence bracts, length of the hypanthium tube, color pattern, corona (presence/absence and types), type of environment and subterraneous or exposed bulb were considered important for taxonomic distinction of the studied group. In this paper we provide taxonomic descriptions, identification keys for genera and species, distribution maps, illustrations and photographic plates. Key words: Amaryllidoideae, Atlantic Forest, Brazil, taxonomy.
650 _aBRASIL
650 _aMATA ATLÂNTICA
650 _aTAXONOMIA
773 0 _0709
_9353216
_dRio de Janeiro-RJ Jardim Botanico do Rio de Janeiro 1935
_o2025-4473
_tRodriguésia (Brazil)
_x0370-6583; 2175-7860 on-line
_gv. 71 p. 1-26; (2020)
_wBR2025003333
856 _uhttps://www.scielo.br/j/rod/a/HdcV3PkR9nNT6MwHZyLP8Hk/?format=pdf&lang=pt
942 _cANA
999 _c337597
_d337597